NRW nach Buchstabe - M - Statistiken

Allgemein
  • Dieses Quiz wurde 59 mal gespielt
  • Das Durchschnittsergebnis liegt bei 10 aus 20
Antwortstatistiken
Hinweis Antwort % Korrekt
Stadt am Niederrhein mit zwei Hauptbahnhöfen (einer im Stadtteil Rheydt) Mönchengladbach
83%
Haushaltsmaschinenhersteller (Waschmaschinen etc.) aus Gütersloh Miele
77%
Stadt in Ostwestfalen, an dem der Mittellandkanal die Weser kreuzt Minden
77%
In dieser Stadt zwischen Ruhrpott und Niederrhein findet ein bedeutendes Jazz Festival statt Moers
77%
Großstadt an der Ruhr mit Schloss Styrum und Broich Mülheim
77%
Das Neandertal befindet sich in dieser Kreisstadt im Bergischen Land Mettmann
58%
Stadtteil von Köln in dem das Stadion vom 1.FC steht Müngersdorf
57%
Nach diesem Duisburger Stadtteil ist der größte Fußballverein der Stadt benannt Meiderich
53%
Durch die Königsallee und andere Boutiquen und Unternehmen wichtiger Kulturell-Wirtschaftlicher Faktor in Düsseldorf Mode
49%
Kölscher Volksschauspieler und Sänger, der insbesondere in den 50er-70ern aktiv war Willy Millowitsch
49%
Düsseldorfer Sänger (Sexy, Freiheit, Mit Pfefferminz bin ich dein Prinz) Marius Müller-Westernhagen
47%
In dieser Ruhrpottstadt wird der Grimme-Preis vergeben Marl
47%
Eifelstadt bekannt für schöne Altstadt und Senf Monschau
43%
Orangenes Maskottchen des WDRs Die Maus
42%
Kreisstadt des Hochsauerlandkreises Meschede
42%
Stadt links am Rhein zwischen Krefeld und Düsseldorf Meerbusch
38%
Flächenmäßig größter See NRWs zwischen Soester Börde und Sauerland Möhnesee
38%
In dieser Stadt im märkischen Sauerland an der Hönne ist Dendemann großgeworden Menden
32%
Stadt im Süden des Märkischen Kreises an Verse und Listertalsperre Meinerzhagen
23%
Bezeichnung für ABB-Senf. Düsseldorfer... Mostert
9%
Keine übereinstimmenden Quizze gefunden
Verteilung der Resultate
Anzahl Personen mit jedem Resultat
Perzentil nach korrekt beantworteten Fragen
Ihre Resultats-Entwicklung
Sie haben dieses Quiz noch nicht gespielt